More Movies by John Williams Soundtracks - Statistics

General Stats
  • This quiz has been taken 129 times
  • The average score is 5 of 15
Answer Stats
Tracks from the Original Score Album Film % Correct
Mr. Longbottom Flies / Fluffy's Harp / The Chess Game Harry Potter and the Philosopher's Stone
75%
The Knight Bus / Buckbeak's flight / Forward to Time Past Harry Potter and the Prisoner of Azkaban
74%
Gilderoy Lockhart / Knockturn Alley / Dueling the Basilisk Harry Potter and the Chamber of Secrets
72%
The Fortress of Solitude / Chasing Rockets / Turning Back the World Superman
63%
Holiday Flight / Man of the House / Somewhere in my Memory Home Alone
42%
We Overslept Again / Arrival in New York / The Thieves Return Home Alone 2
39%
The Motorcade / Garrison's Obsession / The Conspirators JFK
27%
The Snow Fight / Book Burning / Rescuing the Book The Book Thief
22%
The Dance of the Witches / The Tennis Game / Have Another Cherry! The Witches of Eastwick
19%
Sayuri's Theme / The Journey to the Hanamachi / The Chairman's Waltz Memoirs of a Geisha
17%
Ann and Gabriel / Burning of the Plantation / Facing the British Lines The Patriot
17%
Ballet for Divers / Toward Cable Junction / The Big Jolt! Jaws 2
8%
Rusty Accused / Case Dismissed / Barbara's Confession Presumed Innocent
8%
Leaving Ingrid / Harrer's Journey / Approaching The Summit Seven Years in Tibet
6%
An Architect's Dream / Trapped Lovers / The Helicopter Explosion The Towering Inferno
5%
No matching quizzes found
Score Distribution
Percent of People with Each Score
Percentile by Number Answered
Your Score History
You have not taken this quiz